Normal view
MARC view
Entry Término temático
001 - NÚMERO DE CONTROL
- campo de control: 82963
003 - IDENTIFICADOR DEL NÚMERO DE CONTROL
- campo de control: DO-SdBNP
005 - FECHA Y HORA DE LA ÚLTIMA TRANSACCIÓN
- campo de control: 20221202100116.0
008 - DATOS DE LONGITUD FIJA
- campo de control de longitud fija: 221202|| aca||aabn | a|a d
040 ## - FUENTE DE LA CATALOGACIÓN
- Centro catalogador/agencia de origen: DO-SdBNP
- Centro/agencia transcriptor: DO-SdBNP
150 ## - ENCABEZAMIENTO--TÉRMINO DE MATERIA
- Término de materia o nombre geográfico como elemento de entrada: Educación técnológica
- Subdivisión general: República Dominicana
670 ## - FUENTE DE DATOS ENCONTRADOS
- Cita de la fuente: Work cat.: (DO-SdBNP)53050: República Dominicana Instituto de Formación Técnico Profesional 82961, 30 años de historias de triunfo /, 2011.
